Las adelfas: comedia en tres actos, en verso y original

-д хадгалсан:
Номзүйн дэлгэрэнгүй
Үндсэн зохиолч: Machado Ruiz, Manuel (autor)
Бусад зохиолчид: Machado Ruíz, Antonio (autor)
Формат: Ном
Хэл сонгох:испани
Хэвлэсэн: Madrid La farsa 1928
Цуврал:Nuestras Nuevas Cubiertas
Нөхцлүүд:
Шошгууд: Шошго нэмэх
Шошго байхгүй, Энэхүү баримтыг шошголох эхний хүн болох!

MARC

LEADER 00000nam a2200000 a 4500
001 UCY8322
003 CL-VaPUC
005 20241108153700.0
008 950703e19280000SP |||||||||||||||||spa|d
999 |c 235590  |d 235588 
040 |c Pontificia Universidad Católica de Valparaíso 
082 0 4 |a 862  |b MAC  |2 21 
100 |a Machado Ruiz, Manuel  |e autor  |9 861652 
245 1 4 |a Las adelfas: comedia en tres actos, en verso y original 
260 |a Madrid  |b La farsa  |c 1928 
300 |a 98 p 
490 0 |a Nuestras Nuevas Cubiertas 
583 |a last modification  |c 19950703 00:00:00  |k Rodrigo Vera 
650 0 |a Drama español  |9 265098 
700 |a Machado Ruíz, Antonio  |e autor  |9 861644 
942 |c BK  |2 ddc 
945 |d 19950703 00:00:00  |a rbrito 
952 |0 0  |1 0  |4 0  |6 862_000000000000000_MAC_1928  |7 0  |8 A  |9 243118  |a BIBEDU  |b BIBEDU  |d 2019-11-18  |i 310138K  |o 862 MAC 1928  |p 310138K  |r 2019-11-18  |w 2019-11-18  |y BK  |k LIT